Attachment and Development (Record no. 5849)

MARC details
000 -LEADER
fixed length control field 01223cam a2200337 a 4500
001 - CONTROL NUMBER
control field 12221614
003 - CONTROL NUMBER IDENTIFIER
control field OSt
005 - DATE AND TIME OF LATEST TRANSACTION
control field 20240415115347.0
008 - FIXED-LENGTH DATA ELEMENTS--GENERAL INFORMATION
fixed length control field 001103s2000 enka b 001 0 eng d
010 ## - LIBRARY OF CONGRESS CONTROL NUMBER
LC control number 00711135
015 ## - NATIONAL BIBLIOGRAPHY NUMBER
National bibliography number GBA0-Z7686
020 ## - INTERNATIONAL STANDARD BOOK NUMBER
International Standard Book Number 0340731702
020 ## - INTERNATIONAL STANDARD BOOK NUMBER
International Standard Book Number 0340731710 (pbk.)
035 ## - SYSTEM CONTROL NUMBER
System control number (OCoLC)ocm43339478
040 ## - CATALOGING SOURCE
Original cataloging agency UKM
Transcribing agency UKM
Modifying agency C#P
-- DLC
042 ## - AUTHENTICATION CODE
Authentication code lccopycat
082 ## - DEWEY DECIMAL CLASSIFICATION NUMBER
Classification number 155 GOL 2000
100 1# - MAIN ENTRY--PERSONAL NAME
Personal name Goldberg, Susan.
9 (RLIN) 12155
245 10 - TITLE STATEMENT
Title Attachment and Development
260 ## - PUBLICATION, DISTRIBUTION, ETC. (IMPRINT)
Place of publication, distribution, etc. London;
Name of publisher, distributor, etc. Oxford University Press,
Date of publication, distribution, etc. 2000.
300 ## - PHYSICAL DESCRIPTION
Extent x, 301 p. :
Other physical details ill. ;
Dimensions 25 cm.
440 #0 - SERIES STATEMENT/ADDED ENTRY--TITLE
Title Texts in developmental psychology
9 (RLIN) 12156
504 ## - BIBLIOGRAPHY, ETC. NOTE
Bibliography, etc Includes bibliographical references (p. [251]-282) and indexes.
650 #0 - SUBJECT ADDED ENTRY--TOPICAL TERM
Topical term or geographic name as entry element Developmental psychology
9 (RLIN) 12157
650 #0 - SUBJECT ADDED ENTRY--TOPICAL TERM
Topical term or geographic name as entry element Behavior in children.
9 (RLIN) 16956
856 42 - ELECTRONIC LOCATION AND ACCESS
Materials specified Publisher description
Uniform Resource Identifier http://www.loc.gov/catdir/enhancements/fy0611/00711135-d.html
856 41 - ELECTRONIC LOCATION AND ACCESS
Materials specified Table of contents only
Uniform Resource Identifier http://www.loc.gov/catdir/enhancements/fy0611/00711135-t.html
906 ## - LOCAL DATA ELEMENT F, LDF (RLIN)
a 7
b cbc
c copycat
d 2
e ncip
f 20
g y-gencatlg
942 ## - ADDED ENTRY ELEMENTS (KOHA)
Source of classification or shelving scheme Other/Generic Classification Scheme
Koha item type Open Shelf
Holdings
Withdrawn status Lost status Source of classification or shelving scheme Damaged status Not for loan Home library Current library Date acquired Source of acquisition Inventory number Total Checkouts Full call number Barcode Date last seen Koha item type
    Dewey Decimal Classification     MUST Main Library MUST Main Library 21/09/2017 Donation 03/18706   155 GOL 2000 2017-0848 21/09/2017 Open Shelf